000 00422nam a2200157Ia 4500
003 SGT
020 _a9788177587708
082 _a5.43
_bBAC
100 _aBach,Maurice J
245 4 _aThe design of the unix operating system
260 _bPearson
_aN.Delhi
_c1986
300 _a471p.
650 _aCOMPUTER SCIENCE
653 _aGENRAL OVERVIEW OF THE SYSTEM,INTRODUCTION TO THE KERNEL,THE BUFFER CACHE
942 _2ddc
_cBK
999 _c4990
_d4990